000 00741nam a2200217Ia 4500
003 OSt
005 20260319151511.0
008 220923b |||||||| |||| 00| 0 eng d
020 _a0750669241
037 _cGeneral Book
040 _aRTL
_cRTL
_beng
041 _2eng
_aeng
084 _aXM5:8 P6/TD
_qRTL
100 _aKnell Alex
_9233781
245 0 _aCorporate governance- How to add value to your company
_b A practical implementation guide
260 _aAmsterdam
_bElsevier
_c2006
300 _ax, 319p. With CD
_bincludes bibliographical references and index
650 _aCommerce
942 _hXM5:8 P6/TD
_cTB
_2CC
999 _c477495
_d477495